000 01102cai a22002055a 4500
001 L153647
008 110812u xxk g 000 0 eng d
035 _a(Sirsi) u153647
041 0 _aeng
110 2 _aLead Sheet Association
_94237
245 0 4 _aThe Lead Sheet Association
_h[electronic resource]
520 _aThe Lead Sheet Association (LSA) is the foremost independent technical authority on the design, specification and application of Rolled Lead Sheet to BS EN 12588:2006 in the construction industry; expert in specification guidance, application techniques and on-site advice in all matters relating to Rolled Lead Sheet, and the training opportunities available to become skilled in installing the product.
590 _aKA NTK
651 4 _aUnited Kingdom
_y1973-
690 _aBUILT ENVIRONMENT-BUILDING MATERIALS-METAL-LEAD
690 _aBUILT ENVIRONMENT-BUILDING ELEMENTS-COMPLETE BUILDING ELEMENTS-ROOFS
690 _aBUILT ENVIRONMENT-BUILDING MATERIALS
856 4 0 _uhttps://www.leadsheet.co.uk/welcome
_zView the website free of charge at www.leadsheet.co.uk
942 _n0
999 _c120925
_d120925